000 00609 a2200097 4500
245 0 0 _aPodzespoły elektromechaniczne do sprzętu elektronicznego - Podstawowe badania i metody pomiarów Próby mechaniczne utrzymania przewodów, podatności na wybuch i na działanie chemikaliów, podatności na zapalenie, wytrzymałości na wpływ fal radiowych, badania pojemności, ekranowania i filtrowania, pomiary zakłóceń magnetycznych PN-88/T-05129 /
_cMin. Przemysłu.
246 1 3 _aPN-88/T-05129
246 1 3 _a621.38.04:621.317.7:620.17
260 _aWarszawa :
_bMin. Przemysłu,
_c1988.
300 _a6 stron ;
_c30 cm.
650 _aPolska norma
999 _c20134
_d20134